Recursion Theory Week
Αποθηκεύτηκε σε:
| Συγγραφή απο Οργανισμό/Αρχή: | |
|---|---|
| Άλλοι συγγραφείς: | , , |
| Μορφή: | Πρακτικό Συνεδρίου Βιβλίο |
| Γλώσσα: | English |
| Δημοσίευση: |
Berlin :
Springer-Verlag,
c1985.
|
| Σειρά: | Lecture notes in mathematics (Springer-Verlag)
; 1141 |
| Θέματα: | |
| Ετικέτες: |
Προσθήκη ετικέτας
Δεν υπάρχουν, Καταχωρήστε ετικέτα πρώτοι!
|
MARC
| LEADER | 00000cam a2200000 i 4500 | ||
|---|---|---|---|
| 001 | 1/62920 | ||
| 008 | 941103s gw ||| | eng|| | ||
| 020 | |a 3540156739 | ||
| 035 | |a 1993 |l 10046702 | ||
| 040 | |a GR-MyUA |b gre |e AACR2 | ||
| 041 | 0 | |a eng | |
| 082 | 0 | |a 511.35 | |
| 111 | 0 | |a Conference on Recursion Theory |d (April 15-21, 1984 |c Oberwolfach. | |
| 245 | 1 | 0 | |a Recursion Theory Week / |c Proceedings of a Conference held in Oberwolfach, West Germany April 15-21, 1984 ; Edited by H.-D. Ebbinghaus, G.H. Muller and G.E. Sacks. |
| 260 | |a Berlin : |b Springer-Verlag, |c c1985. | ||
| 300 | |a 418 σ. ; |c 24 εκ. | ||
| 490 | 1 | |a (Lecture notes in mathematics (Springer-Verlag) |v ; 1141) | |
| 500 | |a Περιέχει βιβλιογραφικές αναφορές. | ||
| 650 | 0 | 0 | |a Recursion theory |x Congresses. |
| 700 | 1 | |a Ebbinghaus, Heinz-Dieter |d 1939- |e edt | |
| 700 | 1 | |a Müller, G. H. |q (Gert Heinz), |d 1923-2006, |e edt | |
| 700 | 1 | |a Sacks, Gerald E. |e edt | |
| 830 | 0 | |a Lecture notes in mathematics (Springer-Verlag) |v ; 1141 | |
| 852 | |a INST |b SAMOS |e 19941103 |h 511.35 CON |p 005300006958 |q 005300006958 |t BK |y 0 | ||
| 909 | |a Σ |b 028971 | ||